[Event "Prva liga Centralne Srbije"]
[Site "Golubac"]
[Date "2008.09.24"]
[Round "8.6"]
[White "Adzic, Momcilo"]
[Black "Zivkovic, Ivan B"]
[Result "0-1"]
[WhiteElo "2244"]
[BlackElo "2308"]
[PlyCount "142"]
[EventDate "2008.09.20"]

1. e4 c5 2. Nf3 d6 3. Bb5+ Bd7 4. Bxd7+ Qxd7 5. O-O Nf6 6. Re1 Nc6 7. c3 e6 8.
d4 cxd4 9. Nxd4 Be7 10. Nd2 O-O 11. N2f3 a6 12. Bg5 Rfd8 13. c4 Rac8 14. Qe2 h6
15. Bh4 Ne5 16. Nxe5 dxe5 17. Nf3 Qc7 18. Bxf6 Bxf6 19. b3 Be7 20. Red1 Qa5 21.
Qb2 Ba3 22. Qe2 Qc3 23. g3 Bc5 24. Rac1 Qa5 25. Kg2 Ba3 26. Rb1 Bb4 27. Qb2
Rxd1 28. Rxd1 Bc3 29. Qe2 b5 30. cxb5 axb5 31. Rc1 b4 32. Rc2 Rd8 33. Qc4 Rd1
34. h4 g6 35. h5 gxh5 36. Qe2 Ra1 37. Qe3 Kg7 38. a4 bxa3 39. Qxc3 Qxc3 40.
Rxc3 a2 41. Rc2 Rg1+ 42. Nxg1 a1=Q 43. Re2 h4 44. gxh4 f5 45. Nf3 f4 46. Rc2
Kf6 47. Rc5 Qb1 48. Rxe5 Qxb3 49. Nd4 Qd3 50. Nf3 Qa3 51. Rb5 Qa8 52. Re5 Qb7
53. Kf1 Qa6+ 54. Kg2 Qb6 55. Kf1 Qb8 56. Rh5 Qe8 57. Re5 Qg6 58. Ke2 Qg4 59.
Rc5 Ke7 60. Ra5 Kd6 61. Rb5 Kc6 62. Re5 Kb6 63. h5 Kc6 64. Ra5 Kd6 65. Rb5 Ke7
66. Ra5 Kf6 67. Rb5 Qg8 68. Kf1 Qa8 69. Re5 Qa3 70. Kg2 Qxf3+ 71. Kxf3 Kxe5 0-1

[Event "Prva liga Centralne Srbije"]
[Site "Golubac"]
[Date "2008.09.24"]
[Round "8.6"]
[White "Dudukovic, Nikola"]
[Black "Gojkovic, Petar"]
[Result "1/2-1/2"]
[WhiteElo "2180"]
[BlackElo "2387"]
[PlyCount "77"]
[EventDate "2008.09.20"]

1. e4 c5 2. Nf3 d6 3. d4 cxd4 4. Nxd4 Nf6 5. Nc3 g6 6. f3 Bg7 7. Be3 Nc6 8. Qd2
O-O 9. Bc4 Bd7 10. O-O-O Rc8 11. Bb3 Ne5 12. g4 b5 13. g5 b4 14. Nce2 Ne8 15.
f4 Nc4 16. Bxc4 Rxc4 17. Kb1 a5 18. Qd3 Rc8 19. f5 a4 20. h4 d5 21. exd5 gxf5
22. h5 Nd6 23. g6 b3 24. cxb3 axb3 25. a3 Qa5 26. gxf7+ Kxf7 27. Nf4 Rc2 28.
Nxc2 bxc2+ 29. Qxc2 Rb8 30. Bc1 Nb5 31. Ka2 Nxa3 32. bxa3 Ba4 33. Qxf5+ Ke8 34.
Rh3 Qb5 35. Qd3 Bxd1 36. Qxb5+ Rxb5 37. Ne6 Be5 38. Re3 Rxd5 39. Bb2 1/2-1/2

[Event "Prva liga Centralne Srbije"]
[Site "Golubac"]
[Date "2008.09.24"]
[Round "8.6"]
[White "Rajevic, Gavrilo"]
[Black "Kolarevic, Darko"]
[Result "1/2-1/2"]
[WhiteElo "2282"]
[BlackElo "2171"]
[PlyCount "22"]
[EventDate "2008.09.20"]

1. e4 c6 2. d4 d5 3. exd5 cxd5 4. c4 Nf6 5. Nc3 e6 6. Nf3 Be7 7. cxd5 Nxd5 8.
Bd3 Nc6 9. O-O O-O 10. Re1 Nf6 11. a3 b6 1/2-1/2

[Event "Prva liga Centralne Srbije"]
[Site "Golubac"]
[Date "2008.09.24"]
[Round "8.6"]
[White "Matijevic, Nenad"]
[Black "Markovic, Dejan M"]
[Result "1/2-1/2"]
[WhiteElo "2208"]
[BlackElo "2339"]
[PlyCount "22"]
[EventDate "2008.09.20"]

1. e4 c6 2. d4 d5 3. exd5 cxd5 4. c4 Nf6 5. Nc3 e6 6. Nf3 Nc6 7. cxd5 Nxd5 8.
Bd3 Be7 9. O-O O-O 10. a3 Bf6 11. Qe2 g6 1/2-1/2